| 000 | 00659nam a22001817a 4500 | ||
|---|---|---|---|
| 999 |
_c178567 _d178567 |
||
| 005 | 20210406170224.0 | ||
| 010 | _aENG-129373 | ||
| 020 |
_a978-93-5388-284-6 _c1095.00 |
||
| 035 | _aEN-112905 | ||
| 037 | _bDBAD/PUB | ||
| 082 | _a305.230820954 | ||
| 100 | _aNitu Kumari | ||
| 245 |
_aRights of Girl Child in India: Struggle for Existence and Well-Being/ _cNitu Kumari |
||
| 260 |
_aNew Delhi _bSage Publication India _c2020 |
||
| 270 |
_aB1/1-1 Mohan Cooperative Industrial Area Mathura Road _bNew Delhi _e110044 |
||
| 300 |
_axi+210p. _c22cm(hbk) _bIncluding index and bibliographical references. |
||
| 942 |
_2ddc _cEN _h305.230820954 _mNIT |
||